00921cam a2200241 a 450000100100000000500170001000800410002702000150006804000250008308200180010810000340012624500810016026000320024130000210027349000290029465000270032365000310035083000360038104900090041795201160042695201220054299900150066400001005020200929161823.0930714s1985 sp 000 0 spa d a8486217091 aDO-SdBNPbspacBNPHU a862.64bM672a1 aMiras, Domingo,d1934-92448714aLas alumbradas de la Encarnación Benita de Domingo Miras /cDomingo Miras. aMadrid :bLa Avispa,c1985. a126 p. ;c18 cm.1 aLa Avispa :pTeatro,v10 4aTeatro español93071 4aLiteratura española9632 0aLa Avispa :pTeatro,n10925022 aBNGR 001050718MOaGRbGRcHDd2009-10-02iLF1l0o862.64 M672ap10050-10r2020-06-25w2020-06-25y1ZNo se presta 001150718MOaGRbGRcMId2017-04-17iLF1l0o862.64 M672ap10050-20r2020-06-25te. 2w2020-06-25y1ZNo se presta c9809d9809